VIVA -VOCE INORGANIC AND PHARMACEUTICAL CHEMISTRY FOR B.PHARMA D.PHARMA (Record no. 6036)

MARC details
000 -LEADER
fixed length control field 00437nam a22001577a 4500
005 - DATE AND TIME OF LATEST TRANSACTION
control field 20230119121834.0
008 - FIXED-LENGTH DATA ELEMENTS--GENERAL INFORMATION
fixed length control field 200225b xxu||||| |||| 00| 0 eng d
020 ## - INTERNATIONAL STANDARD BOOK NUMBER
ISBN 978-81-239-1765-8
041 ## - LANGUAGE CODE
Language code of text/sound track or separate title eng
100 ## - MAIN ENTRY--AUTHOR NAME
Personal name PAKLE,AMRITA
245 ## - TITLE STATEMENT
Title VIVA -VOCE INORGANIC AND PHARMACEUTICAL CHEMISTRY FOR B.PHARMA D.PHARMA
260 ## - PUBLICATION, DISTRIBUTION, ETC. (IMPRINT)
Place of publication NEW DELHI
Name of publisher CBS
300 ## - PHYSICAL DESCRIPTION
Number of Pages 88p,
650 ## - SUBJECT ADDED ENTRY--TOPICAL TERM
Topical Term PHARMACY
General subdivision B.PHARMA & D.PHARMA
942 ## - ADDED ENTRY ELEMENTS (KOHA)
Koha item type Books
Holdings
Lost status Damaged status Collection code Home library Current library Shelving location Date acquired Source of acquisition Cost, normal purchase price Accession Number Koha item type Full call number
    PHARMACY JRU Library JRU Library Shelf - 27- H 25/02/2020 PURCHESS 175.00 23666 Books  
    PHARMACY JRU Library JRU Library Shelf - 27- H 25/02/2020 PURCHESS 175.00 23667 Books  
    PHARMACY JRU Library JRU Library Shelf - 27- H 25/02/2020 PURCHESS 175.00 23668 Books  
    PHARMACY JRU Library JRU Library Shelf - 27- H 25/02/2020 PURCHESS 175.00 23669 Books 615.19
    Reference JRU Library JRU Library SHELF-5-A 25/02/2020 PURCHESS 175.00 23670 Books 615.19